<?xml version="1.0" encoding="UTF-8"?>
<record
    xmlns:xsi="http://www.w3.org/2001/XMLSchema-instance"
    xsi:schemaLocation="http://www.loc.gov/MARC21/slim http://www.loc.gov/standards/marcxml/schema/MARC21slim.xsd"
    xmlns="http://www.loc.gov/MARC21/slim">

  <leader>02331nam a22002297a 4500</leader>
  <controlfield tag="003">DO-SdBNP</controlfield>
  <controlfield tag="005">20210827130741.0</controlfield>
  <controlfield tag="007">ta</controlfield>
  <controlfield tag="008">210826e2018    dr ||||er|||| 001 jdspa d</controlfield>
  <datafield tag="020" ind1=" " ind2=" ">
    <subfield code="a">9789945609448</subfield>
  </datafield>
  <datafield tag="040" ind1=" " ind2=" ">
    <subfield code="a">DO-SdBNP</subfield>
    <subfield code="b">spa</subfield>
    <subfield code="c">BNPHU</subfield>
  </datafield>
  <datafield tag="041" ind1=" " ind2=" ">
    <subfield code="h">spa</subfield>
  </datafield>
  <datafield tag="082" ind1=" " ind2=" ">
    <subfield code="b">C744m</subfield>
  </datafield>
  <datafield tag="111" ind1=" " ind2=" ">
    <subfield code="a">Concurso Mujeres inspiradoras</subfield>
    <subfield code="c">Santo Domingo</subfield>
    <subfield code="d">marzo, 2018:)</subfield>
    <subfield code="e">(Embajada de Francia,</subfield>
    <subfield code="9">79601</subfield>
  </datafield>
  <datafield tag="245" ind1="1" ind2="2">
    <subfield code="a">Mujeres inspiradoras:</subfield>
    <subfield code="b">relatos dominicanos /</subfield>
    <subfield code="c">Souad de G&#xF3;mez, pr&#xF3;l.</subfield>
  </datafield>
  <datafield tag="260" ind1=" " ind2=" ">
    <subfield code="a">Santo Domingo :</subfield>
    <subfield code="b">Editorial Santuario,</subfield>
    <subfield code="c">2018</subfield>
  </datafield>
  <datafield tag="300" ind1=" " ind2=" ">
    <subfield code="a">138 p.:</subfield>
    <subfield code="b">il., retr.;</subfield>
    <subfield code="c">23 cm</subfield>
  </datafield>
  <datafield tag="505" ind1=" " ind2=" ">
    <subfield code="a">Notas y agradecimientos.</subfield>
    <subfield code="t">Pr&#xF3;logo. /</subfield>
    <subfield code="u">Souad de G&#xF3;mez.--</subfield>
    <subfield code="t">Introducci&#xF3;n. /</subfield>
    <subfield code="u">Martha E. Puello Ventura.--</subfield>
    <subfield code="t">Mi Santa Clo. /</subfield>
    <subfield code="u">Nirelis E. Puello Ventura.--</subfield>
    <subfield code="t">Reyna. /</subfield>
    <subfield code="u">Agueda Pizarro Romero.--</subfield>
    <subfield code="t">Entrevista imaginaria a Petronila Ang&#xE9;lica G&#xF3;mez. /</subfield>
    <subfield code="u">Elvira Lora Pena.--</subfield>
    <subfield code="t">&#xA1;Cu&#xE1;ntas cosas te agradezco!. /</subfield>
    <subfield code="u">Luz Dary Suarez B.--</subfield>
    <subfield code="t">Neidi. /</subfield>
    <subfield code="u">Rosana Catano.--</subfield>
    <subfield code="t">La pol&#xED;tica y la adolescente. /</subfield>
    <subfield code="u">Elidenia Vel&#xE1;squez de Peguero.--</subfield>
    <subfield code="t">Elena Galarza-La Hero&#xED;na de fuego. /</subfield>
    <subfield code="u">Arlene Sabaris Terrero.--</subfield>
    <subfield code="t">no recuerdo su nombre. /</subfield>
    <subfield code="u">Ellen P&#xE9;rez Ducy.--</subfield>
    <subfield code="t">T&#xED;a Pura. /</subfield>
    <subfield code="u">Priscila Velasqu&#xE9;z Rivera.--</subfield>
    <subfield code="t">&#xBF;Verdad que no me vas a dejar solo?./</subfield>
    <subfield code="u">Mar&#xED;a Jose Fl&#xF3;res- Estrado Ponce de Le&#xF3;n.--</subfield>
    <subfield code="t">Mi querida Do&#xF1;a Chana.--</subfield>
    <subfield code="u">Patty Abud.--</subfield>
    <subfield code="t">Mami Mirtha. /</subfield>
    <subfield code="u">Julissa Altagracia B&#xE1;ez.--</subfield>
    <subfield code="t">La hero&#xED;na de mil batallas. /</subfield>
    <subfield code="u">B&#xE1;rbara hern&#xE1;ndez.-</subfield>
    <subfield code="t">&#xA1;Ayayay...suegra!. /</subfield>
    <subfield code="u">Bienvenida Mendoza Benitez.--</subfield>
    <subfield code="t">Mar&#xED;a de los &#xC1;ngeles. /</subfield>
    <subfield code="u">Martha Mar&#xED;a Infante Payano.--</subfield>
    <subfield code="t">Al calor de un recuerdo. /</subfield>
    <subfield code="u">Eugenia Esther Rosario G&#xF3;mez.--</subfield>
    <subfield code="t">A do&#xF1;a Ercida Grull&#xF3;n Bencosmes, mi madre. /</subfield>
    <subfield code="u">Mar&#xED;a Estel Camacho Grull&#xF3;n.--</subfield>
    <subfield code="t">Luisitania Mart&#xED;nez: hecha a su medida. </subfield>
    <subfield code="u">Lauristely Pe&#xF1;a Solano.--</subfield>
    <subfield code="t">La mujer que m&#xE1;s admiro. /</subfield>
    <subfield code="u">Carmen Anicia Valer Medina.--</subfield>
    <subfield code="t">A ella.Un poema sobre mi madre. /</subfield>
    <subfield code="u">Alexis Brunilda M&#xE1;rquez Hern&#xE1;ndez.--</subfield>
    <subfield code="t">Las marchantas de parra (Poema). /</subfield>
    <subfield code="u">Fanny Santana.--</subfield>
    <subfield code="t">Alma grande, alma l&#xED;quida. /</subfield>
    <subfield code="t">Ingrid Cabral.--</subfield>
    <subfield code="t">Una madre peculiar. /</subfield>
    <subfield code="u">Ana Julia Lozano.--</subfield>
    <subfield code="t">La silueta de mi madre. /</subfield>
    <subfield code="u">Jhenery Ram&#xED;rez Sosa.--</subfield>
    <subfield code="t">Cambiar. /</subfield>
    <subfield code="u">Marial Moreno G&#xF3;mez.--</subfield>
    <subfield code="t">&#xBF;Qui&#xE9;n es mi mayor inspiraci&#xF3;n?</subfield>
    <subfield code="u">Lisbeth Alexandeer Rivas.--</subfield>
    <subfield code="t">La desici&#xF3;n correcta. /</subfield>
    <subfield code="u">J. Felipe Meregildo.--</subfield>
  </datafield>
  <datafield tag="590" ind1=" " ind2=" ">
    <subfield code="a">Inventariado 2021/ MF</subfield>
  </datafield>
  <datafield tag="700" ind1="1" ind2="2">
    <subfield code="a">Gomez,  Souad de,</subfield>
    <subfield code="e"> pr&#xF3;l.</subfield>
    <subfield code="9">79603</subfield>
  </datafield>
  <datafield tag="942" ind1=" " ind2=" ">
    <subfield code="2">ddc</subfield>
    <subfield code="c">LBS1</subfield>
  </datafield>
  <datafield tag="952" ind1=" " ind2=" ">
    <subfield code="0">0</subfield>
    <subfield code="1">0</subfield>
    <subfield code="2">ddc</subfield>
    <subfield code="5">1</subfield>
    <subfield code="7">1</subfield>
    <subfield code="8">PD</subfield>
    <subfield code="a">BNPHU</subfield>
    <subfield code="b">PD</subfield>
    <subfield code="c">HD</subfield>
    <subfield code="d">2018-05-10</subfield>
    <subfield code="e">Donado por Editora B&#xFA;ho</subfield>
    <subfield code="l">0</subfield>
    <subfield code="p">2021-25758</subfield>
    <subfield code="r">2021-08-26</subfield>
    <subfield code="w">2021-08-26</subfield>
    <subfield code="y">LFPD</subfield>
  </datafield>
  <datafield tag="952" ind1=" " ind2=" ">
    <subfield code="0">0</subfield>
    <subfield code="1">0</subfield>
    <subfield code="2">ddc</subfield>
    <subfield code="5">1</subfield>
    <subfield code="7">0</subfield>
    <subfield code="8">PD</subfield>
    <subfield code="a">BNPHU</subfield>
    <subfield code="b">PD</subfield>
    <subfield code="c">HD</subfield>
    <subfield code="d">2018-05-10</subfield>
    <subfield code="e">Donado por Editora B&#xFA;ho</subfield>
    <subfield code="l">0</subfield>
    <subfield code="o">C744m</subfield>
    <subfield code="p">2021-25763</subfield>
    <subfield code="r">2021-08-27</subfield>
    <subfield code="t">e.2</subfield>
    <subfield code="w">2021-08-27</subfield>
    <subfield code="y">LFPD</subfield>
  </datafield>
  <datafield tag="952" ind1=" " ind2=" ">
    <subfield code="0">0</subfield>
    <subfield code="1">0</subfield>
    <subfield code="2">ddc</subfield>
    <subfield code="5">6</subfield>
    <subfield code="7">0</subfield>
    <subfield code="8">DS</subfield>
    <subfield code="a">BNPHU</subfield>
    <subfield code="b">GR</subfield>
    <subfield code="c">HD</subfield>
    <subfield code="d">2018-05-10</subfield>
    <subfield code="e">Donado por Editora B&#xFA;ho</subfield>
    <subfield code="l">0</subfield>
    <subfield code="o">C744m</subfield>
    <subfield code="p">2021-25764</subfield>
    <subfield code="r">2021-08-27</subfield>
    <subfield code="t">e.3</subfield>
    <subfield code="w">2021-08-27</subfield>
    <subfield code="y">LFDS</subfield>
  </datafield>
  <datafield tag="999" ind1=" " ind2=" ">
    <subfield code="c">50300</subfield>
    <subfield code="d">50300</subfield>
  </datafield>
</record>
